|
|
|
|
| LEADER |
01559nam a2200421 i 4500 |
| 001 |
EBC1222524 |
| 003 |
MiAaPQ |
| 005 |
20200520144314.0 |
| 006 |
m o d | |
| 007 |
cr cnu|||||||| |
| 008 |
140515t20132013nz o 000 0 eng d |
| 020 |
|
|
|a 9781927131923
|q (electronic bk.)
|
| 020 |
|
|
|a 9781927131909
|q (electronic bk.)
|
| 020 |
|
|
|a 9781927131916
|q (electronic bk.)
|
| 035 |
|
|
|a (MiAaPQ)EBC1222524
|
| 035 |
|
|
|a (Au-PeEL)EBL1222524
|
| 035 |
|
|
|a (CaPaEBR)ebr10867137
|
| 035 |
|
|
|a (OCoLC)854973935
|
| 040 |
|
|
|a MiAaPQ
|b eng
|e rda
|e pn
|c MiAaPQ
|d MiAaPQ
|
| 050 |
|
4 |
|a HF5351
|b .K457 2013
|
| 082 |
0 |
|
|a 650
|2 23
|
| 100 |
1 |
|
|a Kelsey, Jane,
|e author.
|
| 245 |
1 |
0 |
|a Hidden agendas :
|b what we need to know about the TPPA /
|c Jane Kelsey ; Geoff Walker, editor.
|
| 264 |
|
1 |
|a Wellington, New Zealand :
|b A BWB Texts,
|c 2013.
|
| 264 |
|
4 |
|c 2013
|
| 300 |
|
|
|a 1 online resource (89 pages)
|
| 336 |
|
|
|a text
|2 rdacontent
|
| 337 |
|
|
|a computer
|2 rdamedia
|
| 338 |
|
|
|a online resource
|2 rdacarrier
|
| 588 |
|
|
|a Description based on online resource; title from PDF title page (ebrary, viewed May 14, 2014).
|
| 590 |
|
|
|a Electronic reproduction. Ann Arbor, MI : ProQuest, 2015. Available via World Wide Web. Access may be limited to ProQuest affiliated libraries.
|
| 650 |
|
0 |
|a Business.
|
| 650 |
|
0 |
|a Economics.
|
| 650 |
|
0 |
|a Geopolitics.
|
| 655 |
|
4 |
|a Electronic books.
|
| 700 |
1 |
|
|a Walker, Geoff,
|e editor.
|
| 797 |
2 |
|
|a ProQuest (Firm)
|
| 856 |
4 |
0 |
|u https://ebookcentral.proquest.com/lib/matrademy/detail.action?docID=1222524
|z Click to View
|